000 00575cam a2200193 4500
001 D15412
008 090401t1971 xxu||||| |||| 00| 0 eng d
035 _a(Sirsi) u22612
041 _aeng
100 _aCaws, R.B.
245 4 _aThe function of its members with particular reference to urban chartered surveyors
260 _bRICS
_c1971
300 _a4p
350 _a0
520 _aProperty development seminar, Hamburgh 23 September 1971; Filed in box 1971/18 ABC
710 _aRoyal Institution of Chartered Surveyors
_94900
942 _n0
948 _c04/03/1997
999 _c88218
_d88218